000 00339nam a2200121 i 4500
001 bg
245 0 _aSelektywna dystrybucja informacji w krajowym systemie INTE :
_bKonferencja I - Polanica-Zdrój, 10-13.IX.74.
260 _aWrocław,
_c1975.
040 _cBPK
041 _apol
942 _cKS
008 s pl f |000 0 pol
999 _c16064
_d16064
856 _uhttp://koha.tu.koszalin.pl/cgi-bin/koha/opac-detail.pl?biblionumber=16064
_yKatalog online BPK